000 00828nam a2200217Ii 4500
003 JO-AjNU
008 230605s9999||||xx |||||||||||||| ||und||
017 _a1992/8/445
040 _aJO-AjNU
_bara
_erda
_cJO-AjNU
041 _aara
050 1 4 _aPJ7698.N5 Z52 1993
100 3 _aإعداد العربيات، وعد محمد مفلح؛ إشراف هاني الرفاعي,
_eauthor
_97524
245 0 0 _aالنمر بن تولب: حياته وشعره
250 _aط1
264 3 1 _aعمان: دار الابداع للنشر والتوزيع، 1992
300 _a126ص
336 _atext
_btxt
_2rdacontent
337 _aunmediated
_bn
_2rdamedia
338 _avolume
_bnc
_2rdacarrier
650 4 _aالشعراء العرب - عصر صدر الاسلام - 610 -661، النمر بن تولببن زهير بن قيس
_97525
999 _aA323
_c3891
_d3891